Online
Catalog

Las ideas educativas de José Martí / (Record no. 26686)

MARC details
000 -CABECERA
campo de control de longitud fija 02513nam a2200373 i 4500
001 - NÚMERO DE CONTROL
campo de control 000027194
003 - IDENTIFICADOR DEL NÚMERO DE CONTROL
campo de control DO-SdBNP
005 - FECHA Y HORA DE LA ÚLTIMA TRANSACCIÓN
campo de control 20250722111629.0
007 - CAMPO FIJO DE DESCRIPCIÓN FÍSICA--INFORMACIÓN GENERAL
campo de control de longitud fija ta
008 - DATOS DE LONGITUD FIJA--INFORMACIÓN GENERAL
campo de control de longitud fija 110330s1992 dr c 000 0 spa d
040 ## - FUENTE DE LA CATALOGACIÓN
Centro catalogador/agencia de origen DO-SdBNP
Lengua de catalogación spa
Centro/agencia transcriptor BNPHU
Normas de descripción rda
041 ## - CÓDIGO DE LENGUA
Código de lengua del texto/banda sonora o título independiente spa
049 ## - FONDOS LOCALES (OCLC)
Fondos de biblioteca BNPD
082 #4 - NÚMERO DE LA CLASIFICACIÓN DECIMAL DEWEY
Número de clasificación 370.98
Número de documento/Ítem A333i
Número de edición 22
100 ## - ENTRADA PRINCIPAL--NOMBRE DE PERSONA
Nombre de persona Albert Batista, Celsa,
Fechas asociadas al nombre 1942-
Término indicativo de función/relación autor
Código de función/relación aut.
9 (RLIN) 30639
245 14 - MENCIÓN DE TÍTULO
Título Las ideas educativas de José Martí /
Mención de responsabilidad, etc. Celsa Albert Batista ; presentación, Rvdo. Padre Dr. Ramón Alonzo ; prólogo, María Filomena González Canalda.
250 ## - MENCIÓN DE EDICIÓN
Mención de edición Primera edición
264 #4 - PRODUCCIÓN, PUBLICACIÓN, DISTRIBUCIÓN, FABRICACIÓN Y COPYRIGHT
Producción, publicación, distribución, fabricación y copyright Santo Domingo, República Dominicana :
Nombre del de productor, editor, distribuidor, fabricante Universidad Católica Santo Domingo,
Fecha de producción, publicación, distribución, fabricación o copyright ©1992.
300 ## - DESCRIPCIÓN FÍSICA
Extensión 193 páginas :
Otras características físicas ilustraciones, retratos ;
Dimensiones 21 cm.
336 ## - TIPO DE CONTENIDO
Término de tipo de contenido texto
Código de tipo de contenido txt
Fuente rdacontent
337 ## - TIPO DE MEDIO
Nombre/término del tipo de medio sin mediación
Código del tipo de medio n
Fuente rdamedia
338 ## - TIPO DE SOPORTE
Nombre/término del tipo de soporte volumen
Código del tipo de soporte nc
Fuente rdacarrier
500 ## - NOTA GENERAL
Nota general Incluye referencias bibliográficas y notas al pie de las páginas.
504 ## - NOTA DE BIBLIOGRAFÍA, ETC.
Nota de bibliografía, etc. Bibliografía: páginas 187-193
505 ## - NOTA DE CONTENIDO CON FORMATO
Nota de contenido con formato Presentación / Ramón Alonzo, 7.-- Prólogo / María Filomena González Canalda, 9.-- Introducción, 11.-- José Martí y su tiempo, 15.-- Presentación de José Martí, 15.-- Relación de Martí con los acontecimientos de su época, 17.-- Fuentes del pensamiento político y educativo de Martí, 31.-- El proyecto político de José Martí, 47.-- Conceptos de educación de José Martí. Concepto general de educación, 61.-- Educación científica, técnica y humanística, 66.-- La educación primaria, secundaria y superior, 75.-- La educación para el campesino y el indígena, 90.-- La educación para el campesino, 90.-- La educación para el indígena, 95.-- La educación para la mujer, 102.-- La educación especial y la educación física, 114.-- La educación especial, 114.-- La educación física, 118.-- La educación de adultos, 122.-- La educación para nuestra América, 131.-- Del maestro a los maestros, 146.-- La educación integral, 155.-- Antecedentes, 155.-- Educación integral, 165.-- A manera de conclusión, 181.-- Bibliografía, 187.
590 ## - NOTA LOCAL (RLIN)
Nota local Inventariado, 2018/VM
600 14 - PUNTO DE ACCESO ADICIONAL DE MATERIA--NOMBRE DE PERSONA
Nombre de persona Martí, José,
Fechas asociadas al nombre 1853-1895
9 (RLIN) 645
650 #4 - PUNTO DE ACCESO ADICIONAL DE MATERIA--TÉRMINO DE MATERIA
Término de materia o nombre geográfico como elemento de entrada Filosofía de la educación
Subdivisión geográfica América Latina
9 (RLIN) 54255
700 1# - PUNTO DE ACCESO ADICIONAL--NOMBRE DE PERSONA
Nombre de persona González Canalda, María Filomena,
Término indicativo de función/relación prologuista
Código de función/relación pr.
9 (RLIN) 40799
700 1# - PUNTO DE ACCESO ADICIONAL--NOMBRE DE PERSONA
Nombre de persona Alonzo, Ramón,
Término indicativo de función/relación presentador
Código de función/relación pr.
9 (RLIN) 88361
710 2# - PUNTO DE ACCESO ADICIONAL--NOMBRE DE ENTIDAD CORPORATIVA
Nombre de entidad corporativa o nombre de jurisdicción como elemento de entrada Universidad Católica Santo Domingo,
9 (RLIN) 1478
910 ## - DATOS DE OPCIÓN DEL USUARIO (OCLC)
Datos de opción del usuario Validado. Control de calidad. MMOLINA
942 ## - ELEMENTOS DE PUNTO DE ACCESO ADICIONAL (KOHA)
Fuente del sistema de clasificación o colocación Dewey Decimal Classification
Tipo de ítem Koha Libro
Holdings
Estado de retiro Estado de pérdida Fuente del sistema de clasificación o colocación Restricciones de uso No para préstamo Código de colección Localización permanente Ubicación/localización actual Ubicación en estantería Fecha de adquisición Fuente de adquisición Total de préstamos Signatura topográfica completa Código de barras Fecha visto por última vez Número de copia Precio válido a partir de Tipo de ítem Koha
    Dewey Decimal Classification Préstamo en sala   Dominicana de Servicio Biblioteca Nacional Pedro Henríquez Ureña Biblioteca Nacional Pedro Henríquez Ureña Depósito 01.07.2021 Donación Anónima   BNPHU DS 370.98 A333i 27194-30 25.06.2020 e. 3 22.07.2025 Libro
    Dewey Decimal Classification Excluido de préstamo   Patrimonio Dominicano Biblioteca Nacional Pedro Henríquez Ureña Biblioteca Nacional Pedro Henríquez Ureña Depósito 30.03.2011     BNPHU PD 370.98 A333i 27194-10 25.06.2020   25.06.2020 Libro
    Dewey Decimal Classification Excluido de préstamo   Patrimonio Dominicano Biblioteca Nacional Pedro Henríquez Ureña Biblioteca Nacional Pedro Henríquez Ureña Depósito 30.03.2011     BNPHU PD 370.98 A333i 27194-20 25.06.2020 e.2 25.06.2020 Libro
    Dewey Decimal Classification Préstamo en sala   Dominicana de Servicio Biblioteca Nacional Pedro Henríquez Ureña Biblioteca Nacional Pedro Henríquez Ureña Depósito 15.07.2025 Donado por Delma Editora   BNPHU DS 370.98 A333i 2025-6571 15.07.2025 e.4 15.07.2025 Libro

Powered by Koha